000 00899nam a2200301Ia 4500
003 OSt
005 20220912150446.0
006 a|||||r|||| 00| 0
007 ta
008 220909b |||||||| |||| 00| 0 eng d
020 _a0817640800 (hbd)
024 _a9515
037 _bAshutosh,
037 _cTextual
040 _aCSL
_beng
_cCSL
041 _aeng
082 _aB334, P1 TB
100 _aZheng Yuxi
245 0 _aSystems of conservation laws: two-dimensional riemann problems
260 _aBoston
_bBirkhauser
_c2001
300 _axv, 317p
490 _aProgress in nonlinear differential equations and their applications; 38
500 _aBibliography 291-306p; Index 309-317p
650 _a Conservation laws
650 _aNonlinear differantial equation
942 _hB334, P1 TB
_cTEXL
_2CC
999 _c47913
_d47913